El Mahabharata

محفوظ في:
التفاصيل البيبلوغرافية
المؤلف الرئيسي: Narayan, R. K.
التنسيق: كتاب
اللغة:الإنجليزية
الإسبانية
منشور في: Barcelona, España Kairós S. A 2009
الطبعة:Segunda edición
الموضوعات:
الوسوم: إضافة وسم
لا توجد وسوم, كن أول من يضع وسما على هذه التسجيلة!

MARC

LEADER 00000nam a22000007a 4500
003 CL-VaPUC
005 20220318074005.0
008 200106b ||||| |||| 00| 0 eng d
999 |c 376408  |d 376406 
020 |a 9788472455399 
040 |c Pontificia Universidad Católica de Valparaíso 
041 0 |a spa 
082 |a 294.5923 NAR 2009 
100 1 |a Narayan, R. K.  |9 605613 
245 1 3 |a El Mahabharata 
250 |a Segunda edición 
260 3 |a Barcelona, España  |b Kairós S. A  |c 2009 
300 |a 218 p 
505 0 |a 1. El octavo bebé. 2. Entran los personajes. 3. La casa de la alegría y cenizas. 4. Novia para cinco. 5. El obsequio del tío. 6. Ciudad de esplendor. 7. Apuestas sin par. 8. Vagabundeos. 9. Cien preguntas. 10. Servidumbre. 11. Disparos de advertencia. 12. ¿Guerra o paz? 13. Acción. 14. Un héroe valiente. 15. Delirio de destrucción. 17. Victoria y pena. Epílogo. Glosario 
583 |c 20200106  |k Daniel Castañeda 
650 0 0 |a Hinduismo  |9 265212 
650 0 0 |a RELIGION HINDU  |9 460106 
650 0 0 |a Poesía épica   |9 269163 
942 |2 ddc  |c BK 
952 |0 0  |1 0  |2 ddc  |4 0  |6 294_592300000000000_NAR_2009  |7 0  |8 A  |9 495816  |a BIBGIM  |b BIBGIM  |d 2020-01-07  |i 5614139  |o 294.5923 NAR 2009  |p 5614139  |r 2025-01-15  |t 1  |w 2020-01-07  |y BK  |k ORI